| 000 | 01179cam a2200361 a 4500 | ||
|---|---|---|---|
| 001 | 4166 | ||
| 003 | FISKH | ||
| 005 | 20240625133453.0 | ||
| 008 | 951023s1996 nyua j 000 1 eng | ||
| 010 | _a 95046462 | ||
| 020 | _a0670867721 (hc) | ||
| 020 | _a9780140380507 | ||
| 040 |
_aDLC _cDLC _dDLC _beng |
||
| 042 | _alcac | ||
| 050 | 0 | 0 | _aPZ7.A2615 |
| 082 | _a028 | ||
| 100 | 1 | _aAdler, David A. | |
| 245 | 1 | 0 |
_aYoung Cam Jansen and the missing cookie / _cby David A. Adler ; pictures by Susanna Natti. |
| 260 |
_aNew York : _bPenguin Young Readers, _c1996. |
||
| 300 |
_a32 pages : _bcolor illustrations ; _c23 cm |
||
| 490 |
_aPenguin Young Readers _vLevel 3 |
||
| 505 | _aJ | ||
| 520 | _aEight-year-old sleuth Cam Jansen uses her photographic memory to discover what happened to a classmate's missing cookie. | ||
| 521 | 8 |
_a470
_bLexile |
|
| 521 | 8 |
_aJ
_bRaz-Plus |
|
| 650 | 1 | _aMystery and detective stories. | |
| 650 | 1 |
_aCookies _xFiction. |
|
| 700 | 1 |
_aNatti, Susanna, _eillustrator |
|
| 800 | 1 |
_aAdler, David A. _tYoung Cam Jansen ; _v2. |
|
| 906 |
_a7 _bcbc _corignew _d1 _eocip _f19 _gy-gencatlg |
||
| 942 |
_2ddc _cBK _n0 |
||
| 999 |
_c4166 _d4166 |
||